Countries that beat the Netherlands - Statistics

General Stats
  • This quiz has been taken 239 times
  • The average score is 10 of 12
Answer Stats
# Country % Correct
3 Biggest airport in Europe United Kingdom, France
99%
3 Best soccor/footbal player ever Brazil, Argentina
96%
5 Biggest seaport in the world China, United Arabic Emirats, South-Korea, Singapore
95%
7 Biggest import countries United States, China, Germany, Japan, France, United Kingdom
95%
7 Highest GDP per capita Luxembourg, Norway, Sweden, Switzerland, Qatar, Denmark, Ireland
93%
2 Biggest colonial area in Asia United Kingdom
93%
7 Biggest export countries China, United States, Germany, Japan, France, South-Korea
91%
3 Most wins at Eurovision Song Contest Ireland, Sweden
89%
2 Biggest exporter of food and agricultural products United States
89%
4 Biggest watershow in the world United Arabic Emirats, United States, China
84%
2 Reclaiming land from the sea China
70%
2 Most gold medals at the men's hockey world championships Pakistan
28%
No matching quizzes found
Score Distribution
Percent of People with Each Score
Percentile by Number Answered
Your Score History
You have not taken this quiz